[Event "Karpacz op"]
[Site "Karpacz"]
[Date "2013.07.22"]
[Round "1"]
[White "Lewtak, Dominik"]
[Black "Abratanski, Wojciech"]
[Result "1-0"]
[WhiteElo "1863"]
[BlackElo "1303"]
[PlyCount "67"]
[EventDate "2013.07.22"]
[EventType "swiss"]
[EventRounds "9"]
[EventCountry "POL"]
[SourceTitle "EXT 2014"]
[Source "ChessBase"]
[SourceDate "2013.11.20"]
[SourceVersion "1"]
[SourceVersionDate "2013.11.20"]
[SourceQuality "1"]

1. e4 e5 2. Nf3 Nc6 3. Bc4 Bc5 4. 0-0 Nf6 5. d3 0-0 6. Bg5 h6 7. Bh4 d6 8. c3 Be6 9. Nbd2 a6 10. Bb3 b5 11. Bc2 d5 12. Re1 d4 13. Nb3 Be7 14. cxd4 Bxb3 15. Bxb3 exd4 16. Bxf6 Bxf6 17. Bd5 Qd6 18. Rc1 Ne5 19. Bxa8 Rxa8 20. Nxe5 Bxe5 21. g3 c5 22. f4 Rc8 23. fxe5 Qxe5 24. Qg4 Rc7 25. Qf4 f6 26. Qxe5 fxe5 27. b3 a5 28. Re2 a4 29. Rec2 axb3 30. axb3 c4 31. bxc4 bxc4 32. Rxc4 Rb7 33. Rc5 Rb3 34. Rd1 1-0